Statystyki dla Polski współczesny rap #1

Kliknij tutaj aby rozwiązać quiz!

Ogólne statystyki

  • Ten quiz został rozwiązany 3 988 razy
  • Średni wynik to 8 z 20

Statystyki odpowiedzi

Odpowiedź% Poprawnych
"Płuca Zlepione Topami"GUZIOR
94%
"Casablanca"BLACHA
80%
"La Vida Loca"White 2115
71%
"rower"chillwagon
70%
"Outside"Kartky
65%
"BAJKA"Szpaku
58%
"Klubowa suka"Tymek
50%
"Meow"Beteo ReTo
45%
"Spłata"Paluch
40%
"AHA"Otsochodzi Pezet
36%
"Wybory"Jan-rapowanie Szpaku Guzior
33%
"OPARY"KALI PALUCH
33%
"Wyrosłem Na Blokach"Malik Montana
26%
"Flary"PRO8L3M
26%
"Nic już nie muszę"KęKę
21%
"MMWS"Qry
20%
"Świat jest WFem"Taco Hemingway
19%
"Pressing"Lanek Białas ReTo
17%
"Napad na Bankiet"Sokół PRO8L3M Taco Hemingway
16%
"Armani"Jeden
10%

Rozkład punktacji

Percentyl według liczby udzielonych odpowiedzi

Procent ludzi z każdym wynikiem

Twoja historia wyników

Nie rozwiązałeś tego quizu